| 000 | 00507nam a22001937a 4500 | ||
|---|---|---|---|
| 003 | OSt | ||
| 005 | 20140310181839.0 | ||
| 008 | 130708t xxu||||| |||| 00| 0 eng d | ||
| 020 | _a9780007363810 | ||
| 050 |
_aPE 1408 _b.C712 2011 |
||
| 082 |
_aREF 428 _bW93 2011 |
||
| 245 | _aCollins Webster's easy learning writing / | ||
| 260 |
_aGlasgow : _bHarperCollins, _c2011. |
||
| 300 |
_a314 p. ; _c20 cm. |
||
| 521 | _aBasic Ed. Students | ||
| 541 | _j1 | ||
| 562 | _e1 | ||
| 942 |
_2lcc _cBK-GR _kREF |
||
| 999 |
_c4845 _d4845 |
||